000 00370nam a2200121Ia 4500
008 220615s9999||||xx |||||||||||||| ||und||
245 0 _aClasses
_bFrom National to Global Class Formation
546 _aEnglish[eng]
650 _aSociology
700 _aHanappi, Hardy
856 _uhttps://mts.intechopen.com/storage/books/6483/authors_book/authors_book.pdf
942 _cEB
999 _c17772
_d17772